Match Genshin 5* character and their weapon (V.6.6) - Statistics

General Stats
  • This quiz has been taken 29 times
    15 since last reset
  • The average score is 51 of 61
Answer Stats
Hint Answer % Correct
R9ftA2H.jpg Klee
100%
zdU9UhI.jpg Varka
100%
Tn79zO6.jpg Wriothesley
100%
BlckJUl.jpg Zibai
100%
WBRStoS.jpg Alhaitham
88%
gmSEvcL.jpg Arlecchino
88%
zfi1yi9.jpg Baizhu
88%
8IwpZsW.jpg Chasca
88%
X70tL0Q.jpg Chiori
88%
HmGowXZ.jpg Citlali
88%
jVX4iNQ.jpg Columbina
88%
XNxVGOs.jpg Diluc
88%
5e1j0Pl.jpg Durin
88%
zUFIjjS.jpg Emilie
88%
Gz9A9II.jpg Escoffier
88%
7RF8cTg.jpg Flins
88%
fqCeFgz.jpg Furina
88%
KxWkjW8.jpg Hu Tao
88%
T7fK0qi.jpg Ineffa
88%
b83k9AM.jpg Kamisato Ayato
88%
X0HgCPP.jpg Kinich
88%
j8wOOck.jpg Lauma
88%
3JEVvnQ.jpg Linnea
88%
MB2yI63.jpg Lyney
88%
ddb0yzl.jpg Mavuika
88%
GJHNwh9.jpg Mualani
88%
CIItpJt.jpg Nahida
88%
E6JGWwG.jpg Navia
88%
vWv8uNh.jpg Nefer
88%
iw14Lzz.jpg Neuvillette
88%
DHOFMhD.jpg Nicole
88%
0Kq7UPK.jpg Raiden Shogun
88%
cMjlzCr.jpg Sangonomiya Kokomi
88%
wUCFfb7.jpg Sigewinne
88%
Tfk8jP8.jpg Skirk
88%
kZsI0JK.jpg Tighnari
88%
414kv1G.jpg Varesa
88%
LZAMMhS.jpg Venti (Hexerei)
88%
cWb9lH9.jpg Wanderer
88%
0j9PNsA.jpg Xianyun
88%
sW6zZyl.jpg Xiao
88%
zuw2sYK.jpg Xilonen
88%
w7VufDQ.jpg Yae Miko
88%
TCKC6E8.jpg Yoimiya
88%
66j8UBi.jpg Yumemizuki Mizuki
88%
vaZCVjF.jpg Zhongli
88%
oB4nuqi.jpg Albedo
75%
On8iIOz.jpg Clorinde
75%
KwZvPDz.jpg Cyno
75%
OE3b5Bg.jpg Eula
75%
1uuCUKZ.jpg Jean
75%
To4NlxB.jpg Shenhe
75%
ywE4SdQ.jpg Arataki Itto
63%
u2SpHar.jpg Dehya
63%
idTflFb.jpg Kaedehara Kazuha
63%
x9H6M55.jpg Kamisato Ayaka
63%
wC9PRCI.jpg Tartaglia
63%
NF7rBWv.jpg Venti (Support)
63%
lWTuf5I.jpg Yelan
63%
GhGl7Bd.jpg Ganyu
50%
m6NF50y.jpg Nilou
50%
No matching quizzes found
Score Distribution
Percent of People with Each Score
Percentile by Number Answered
Your Score History
You have not taken this quiz since the last reset